|
|
|
|
| LEADER |
00000nam0a2200000 4500 |
| 001 |
297834 |
| 005 |
20231102001039.0 |
| 020 |
|
|
|a RU
|b 84-57634
|
| 035 |
|
|
|a (RuTPU)RU\TPU\book\322969
|
| 090 |
|
|
|a 297834
|
| 100 |
|
|
|a 20150611d1984 km y0rusy5003 ca
|
| 101 |
0 |
|
|a rus
|
| 102 |
|
|
|a UA
|
| 105 |
|
|
|a a g 001zy
|
| 200 |
1 |
|
|a Строительные краны
|e справочник
|f В. П. Станевский [и др.]
|
| 210 |
|
|
|a Киев
|c Будiвельник
|d 1984
|
| 215 |
|
|
|a 238 с.
|c ил.
|
| 320 |
|
|
|a Библиогр.: с. 235-236
|
| 606 |
1 |
|
|a Подъемные краны
|2 stltpush
|3 (RuTPU)RU\TPU\subj\49857
|9 68619
|
| 610 |
1 |
|
|a строительные машины
|
| 610 |
1 |
|
|a подъемно-транспортные машины
|
| 610 |
1 |
|
|a справочники
|
| 610 |
1 |
|
|a башенные краны
|
| 610 |
1 |
|
|a стреловые краны
|
| 610 |
1 |
|
|a козловые краны
|
| 610 |
1 |
|
|a эксплуатация
|
| 610 |
1 |
|
|a техника безопасности
|
| 675 |
|
|
|a 621.873(035)
|z rus
|v 4
|
| 701 |
|
1 |
|a Станевский
|b В. П.
|g Валерий Петрович
|
| 701 |
|
1 |
|a Моисеенко
|b В. Г.
|
| 701 |
|
1 |
|a Колесник
|b В. В.
|
| 701 |
|
1 |
|a Кожушко
|b В. В.
|
| 801 |
|
0 |
|a RU
|b RuMRKP
|c 19950704
|g psbo
|
| 801 |
|
1 |
|a RU
|b 63413507
|c 20150611
|
| 801 |
|
2 |
|a RU
|b 63413507
|c 20170727
|g RCR
|
| 942 |
|
|
|c BK
|